[Event "Olympiad-33"]
[Site "Elista"]
[Date "1998.10.12"]
[Round "13.1"]
[White "Beliavsky, Alexander G"]
[Black "Yurtaev, Leonid"]
[Result "1-0"]
[WhiteElo "2645"]
[BlackElo "2540"]
[Annotator "Hazai,L"]
[PlyCount "103"]
[EventDate "1998.09.29"]
[EventType "team-swiss"]
[EventRounds "13"]
[EventCountry "RUS"]
[SourceTitle "CBM 068"]
[Source "ChessBase"]
[SourceDate "1999.02.01"]
[SourceVersion "1"]
[SourceVersionDate "1999.02.01"]
[SourceQuality "1"]
[WhiteTeam "Slovenia"]
[BlackTeam "Kyrgyzstan"]
[WhiteTeamCountry "SLO"]
[BlackTeamCountry "KGZ"]

1. d4 Nf6 2. c4 g6 3. Nc3 Bg7 4. e4 d6 5. Be2 O-O 6. Bg5 h6 {provoking this
weakening move is White's main idea in the Averbakh line.} (6... Na6 {is the
most popular continuation these days, because after than Black can play his
standard e7-e5 move.}) (6... c5 {was the old main line, but this may lead only
a theoretically drawish _|_ in his main line.}) 7. Be3 c5 (7... e5 {is the old
idea, but then after} 8. d5 {White has always a target on h6.}) 8. dxc5 {
This is the consequent answer now.} (8. d5 e6 {leads to the 6...c5 line with
transpositions.}) 8... Qa5 9. Bd2 dxc5 ({In case of} 9... Qxc5 {the weakening
move h7-h6 will show his drawbacks later.} 10. Nf3 $14) 10. e5 Nh7 11. f4 Nc6
12. Nf3 Bf5 13. O-O (13. Nh4) 13... Rad8 14. Qe1 (14. Nd5) 14... Rd7 15. Qf2
Qd8 16. Be3 Nd4 (16... b6 17. Nh4 $14) 17. Rfd1 Nxe2+ 18. Qxe2 b6 (18... Bd3
19. Qf2 Bxc4 (19... b6 20. b3 {and the B on d3 feels himself uncomfortable in
the long run.}) 20. Bxc5 $14) 19. Rxd7 Qxd7 20. Rd1 Qb7 21. Qd2 Re8 (21... Bg4
22. Qd5 Qb8 23. h3 Bxf3 24. Qxf3 $14) 22. Qd5 Qc8 (22... Qb8 23. h3 Be6 24. Qd3
Bf5 25. Qd2 $14) 23. Nb5 (23. h3 $5 Be6 (23... Bc2 $6 24. Rd2) 24. Qd3) 23...
Be6 24. Qd3 Bg4 (24... a6 25. Nc3) 25. Kf2 g5 26. h3 Bxf3 27. Kxf3 gxf4 28.
Bxf4 Nf8 (28... Ng5+ 29. Kg3 (29. Bxg5 hxg5 30. Qe4 (30. Qd7 Bxe5) 30... a6 31.
Nc3 (31. Na7 $2 Qe6 32. Nc6 Rc8) 31... Qe6 32. Rd5 Rf8) 29... a6 30. Nc3 Ne6
$13) 29. Kg3 Ng6 ({also possible is} 29... a6 30. Nc3 Ne6 31. Qe4 Nd4) 30. Qe4
Nxf4 $6 {This exchange helps only for White, because he gets rid of his bad B.}
(30... a6 31. Nc3 Qe6 {was worth of trying.}) 31. Kxf4 a6 32. Nc3 e6 $6 ({Still
} 32... Qe6 33. Nd5 h5 (33... Rf8 34. g4) 34. Nc7 Qh6+ 35. Kf3 Rc8 36. Nd5 Qe6
37. Re1 b5 {gave some chances for Black.}) 33. Rd6 $1 f6 (33... f5 34. Qc6 $1 (
34. Qe2 Rd8) 34... Qxc6 35. Rxc6 Kf7 36. Rxb6 Rd8 37. Rb7+ Kg6 (37... Kf8 38.
Ne2 Rd2 39. Ke3 Rd1 40. Nf4 $18) 38. Re7 Rd4+ 39. Kf3) 34. Qc6 (34. Qg6 $5
fxe5+ 35. Ke3 {looks also pretty dangerous for Black.}) (34. exf6 $2 {falls
into the trap:} Qc7 $1) 34... fxe5+ 35. Ke3 Qxc6 36. Rxc6 e4 37. Rxb6 (37. Nxe4
$143 Bxb2 38. Rxb6 Bd4+ 39. Ke2 a5) 37... Bxc3 38. bxc3 Kf7 39. Kxe4 {Usually
the R _|_ are very difficult to win, but here White has the active K and R and
the possibility of creating a remote passed P. The plus P is not that
important factor here.} Kf6 (39... Rg8 40. g4 h5 41. Ke5 hxg4 (41... Rg5+ 42.
Kf4) 42. Rb7+ $1 {driving the enemy K to an inferior place.} Kg6 43. hxg4) 40.
Rc6 Rd8 (40... Rg8 41. g4 h5 (41... Rg5 42. Kf4) 42. Kf4 $1 (42. gxh5 Rg5)
42... hxg4 43. hxg4) 41. Rxc5 Rd2 42. g4 Re2+ 43. Kd3 Rxa2 44. Rh5 a5 (44...
Kg6 45. c5 {and the o^ c is not easy to stop.}) 45. c5 a4 46. Rxh6+ Ke7 (46...
Ke5 47. Rh5+ Kf6 48. c6) 47. Rh7+ Kd8 48. Kc4 a3 49. Kb3 Ra1 50. g5 a2 51. h4
e5 52. Kb2 1-0

[Event "New York op"]
[Site "New York"]
[Date "2000.05.10"]
[Round "8"]
[White "Leitao, Rafael Duailibe"]
[Black "Smirin, Ilia"]
[Result "0-1"]
[WhiteElo "2565"]
[BlackElo "2666"]
[Annotator "Smirin,I"]
[PlyCount "62"]
[EventDate "2000.05.05"]
[EventType "swiss"]
[EventRounds "9"]
[EventCountry "USA"]
[SourceTitle "CBM 076 Extra"]
[Source "ChessBase"]
[SourceDate "2000.07.11"]
[SourceVersion "1"]
[SourceVersionDate "2000.07.11"]
[SourceQuality "1"]

{New York Open-traditional big open tournament,well known in the chess world.
The venue of tournament -hoteel "New Yorker" is situated in the heart of
Manhattan,near Madison Square Garden(I had a secret dream-to visit NBA
play-off match New York Knicks-Maiami Heat,but unfortunatelly the tournament
shedule was to tens).Surrounded by giant buildings(for instanse,the famouse
Empire State Building is just about 400 metres from hotel) "New Yorker"
inspired players for uncompromising battle. About 40 GM were amongst 200
participants-slightly less than in previous 2 events, but the field was strong
enough. After 4 rounds GM Igor Khenkin, who is a citizen of Israel, but now
lives in Germany was a sole leader with perfect 4 out of 4 score. In 5th round
he drew game with author of these lines and in round 6 Khenkin lost to young
GM from Brasil - Rafael Leitao. After 7 rounds Leitao was on the clear first
place with 6 points when comes the game Leitao-Smirin Before the last round
trio of leaders - Smirin, Khenkin and Grischuk with 6,5 points out of 8 - had
a half-point advantage over a big group of players.The last round main games
were: Smirin-Grischuk, Goldin-Novikov, Yermolinsky-Leitao, DeFirmian-Minasian,
Al. Ivanov-Shabalov. After Khenkin rather quickly made draw as white, the fate
of the 1st place had to be decided in my game: My last round opponent,
Alexandr Grischuk from Moskow, is only 16 years old. He has an evident talent,
in 1999 he made 5! GM norms. His main strenght - quick and precise calculation
of variations and a very strong nerve system. Although his positional play
still has to be improved, I have no doubts that potentially he may have a
grate future. Tournament proved to be very successfull for me. Although in the
first 6 rounds I have played very "so-so", last 3 rounds left me with good
feelings about creative quality of my games. It started from 7th round game
against young (all my 3 last oppoent were considerably younger than me) GM
from Cuba Becerra. Places from 2nd to 5th were shared by GM A.Goldin, I.
Khenkin, N. de Firmian and Al. Ivanov. I should like to congratulate our
compatriot and my friend Alexnder Goldin with good performance in the
tournament and convincing victory in the last round over strong opponent. At
the closing ceremony as a winner I was presented with beautifull set of chess
"Liadro". I hare very best impressions about the tournament and I hope to play
in New York Open in the future and may be (who knows) to repeat my success.} 1.
d4 {Oratovsky,M} Nf6 2. c4 g6 3. Nc3 Bg7 4. e4 d6 5. Be2 O-O 6. Bg5 Na6 7. Qd2
e5 8. d5 c6 9. f3 Qa5 10. Bd3 {White loses 2 tempo to develope knight on e2.
Other possibilities are:} (10. O-O-O $5) (10. g4 $5 h5 11. h3 Bd7 (11... cxd5
12. Nxd5 Qxd2+ 13. Kxd2 (13. Bxd2 Nxd5 14. cxd5 f5 $10) 13... Nxd5 14. cxd5 f6
15. Be3 f5 $13 {1/2-1/2 Jussupow,A-Smirin,I/Erevan olm 1996 (40)} (15... h4 $5
{[%cal Gf6f5]})) 12. O-O-O cxd5 13. Nxd5 Qxd2+ 14. Rxd2 Nxd5 15. Rxd5 Be6 16.
Rxd6 Rfc8 17. Kb1 Nb4 18. gxh5 gxh5 19. f4 $5 $36 {[%cal Gg1f3,Yh1g1] Wang
Yaoyao-Smirin,I/Lee Cup 1996 1-0 (45)}) 10... Nc5 11. Bc2 b5 $5 12. cxb5 ({
Not very good} 12. dxc6 bxc4 13. Qxd6 Rd8 14. Qe7 Re8 $36) 12... cxd5 $8 (12...
cxb5 13. a3 $16 {[%cal Gb2b4]}) 13. exd5 $6 ({Better was} 13. Bxf6 Bxf6 14.
Nxd5 Qxd2+ 15. Kxd2 Bg5+ 16. Kd1 (16. f4 $5 Bxf4+ (16... exf4 17. Nf3 Bh6 18.
b4 $14 {[%cal Ga2a4,Yc2b3,Yh2h4]}) 17. Nxf4 exf4 {[%cal Gc8b7]} 18. b4 Ne6 19.
Nf3 $14) 16... Bb7 17. Ne2 Bxd5 18. exd5 a6 $44 {[%cal Gf8b8]}) 13... Bb7 (
13... a6 14. a3 Ncd7 15. b4 Qc7 16. Nge2 $14) 14. Rd1 (14. Nge2 $2 Nxd5 $17) (
14. Bxf6 Bxf6 15. Nge2 $13 a6 $44 {pair of the strong bishops and clear
counterplay promises to black enough compensation for sacrificed pawn}) 14...
a6 $44 15. a3 Ncd7 16. bxa6 Bxa6 17. Nge2 Nb6 (17... Rab8 18. Rb1 Nb6 19. b4
Qxa3 20. Rb3 Qa1+ 21. Rb1 $11) (17... Rfc8 $5) 18. Bd3 Bxd3 19. Qxd3 Rfc8 20.
O-O ({Better was} 20. Qb5 $5 {although after} Qxb5 21. Nxb5 Nfxd5 22. Nxd6 Rc6
23. Ne4 f5 24. N4c3 Nxc3 25. Nxc3 Nc4 26. Nd5 Kf7 $132 {black gets
compensation in arised endgame.}) 20... Nc4 21. Rb1 Nd7 22. Na2 $2 (22. Rfc1
Rab8 23. Rc2 $2 {[%tqu "En","","","","c4a3","",10]} Nxa3 $1 24. Ra1 (24. bxa3
$4 Rxb1+ 25. Nxb1 Qe1#) 24... Qb6+ 25. Be3 Qxe3+ $1 26. Qxe3 Nxc2 27. Qc1 Nxa1
$17) (22. Kh1 $142 Rab8 23. Bc1 f5 $36) 22... Qb6+ $17 23. Kh1 (23. Rf2 f5 $1 (
23... Nxb2 $2 24. Qd2 Nc4 25. Rxb6 Nxd2 26. Rxd6 $18 {[%csl Rd2,Rd7]}) 24. Nb4
e4 $1 25. fxe4 Nc5 26. Qxc4 Nxe4 $19) 23... Nxb2 24. Qe4 (24. Qd2 Nc4) 24...
Rxa3 25. Nac3 (25. Nb4 Rc4 $19) 25... Qa6 $1 ({also winning} 25... Raxc3 $5 26.
Nxc3 Rxc3 {[%cal Gc3b3]} 27. Bc1 Nd3 $1 28. Rxb6 Nf2+ 29. Kg1 Nxe4 30. Rc6 Nec5
31. Rxd6 Rd3 $19 {[%cal Gg7f8]}) 26. Rxb2 Raxc3 $19 {black has pawn more and
strong initiative.Rest of the game doesn't need any comments.} 27. Rd1 Ra3 28.
Rbd2 Nc5 29. Qb1 f5 30. Bh4 e4 31. fxe4 Ra1 0-1

[Event "Lost Boys op"]
[Site "Amsterdam"]
[Date "2000.08.13"]
[Round "3"]
[White "Milov, Vadim"]
[Black "Shchekachev, Andrei"]
[Result "1-0"]
[WhiteElo "2626"]
[BlackElo "2503"]
[Annotator "Milov,V"]
[PlyCount "113"]
[EventDate "2000.08.05"]
[EventType "swiss"]
[EventRounds "9"]
[EventCountry "NED"]
[SourceTitle "CBM 077 Extra"]
[Source "ChessBase"]
[SourceDate "2000.09.14"]
[SourceVersion "1"]
[SourceVersionDate "2000.09.14"]
[SourceQuality "1"]

1. d4 Nf6 2. c4 g6 3. Nc3 Bg7 4. e4 d6 5. Be2 O-O 6. Bg5 h6 7. Be3 c5 8. dxc5
Qa5 9. Bd2 Qxc5 10. Nf3 Bg4 11. Be3 Qa5 12. O-O Nc6 13. Nd2 Bxe2 14. Qxe2 Rfc8
15. Rfc1 Nd7 16. Rab1 Kh7 17. f4 Nc5 (17... Qd8 18. Nf3 $14) 18. Kh1 $14 Na4 (
18... Nb4 $2 19. a3 Nbd3 20. Rc2 Nxb2 $140 21. Rbxb2 Bxc3 22. Rb5 Qxa3 23. Nb1
$18) 19. Nd1 $5 (19. Nxa4 Qxa4 20. a3 $14) 19... Nb6 (19... Rab8 20. a3 b5 $140
21. b3 $16) 20. a3 Nd7 (20... Qa6 21. Qd3 {/\b4}) 21. Nc3 a6 $6 (21... Qd8 $14)
22. Nb3 Qd8 23. Rc2 Na5 24. Nd2 Qh8 25. Rbc1 $16 Nc6 (25... Nc5 26. Bxc5 $1
dxc5 27. e5 $16) 26. Nf3 Na5 (26... Nd4 27. Bxd4 Bxd4 28. Nxd4 Qxd4 29. Nd5 e6
30. Rd1 $16) 27. Nd5 Nb3 28. Rd1 Qe8 (28... e6 29. Nb6 Nxb6 30. Bxb6 Rc6 31.
Qe3 Nc5 32. Bxc5 $16) 29. Bf2 $1 {/\Bh4} e6 30. Nc3 Na5 (30... Rc6 31. Na2 $1 {
/\Nb4} (31. e5 dxe5 32. fxe5 Rd8) 31... a5 (31... Qe7 32. Bh4) 32. Nc3 $16) 31.
Nd2 d5 $6 32. exd5 exd5 33. Qxe8 Rxe8 34. cxd5 (34. Nxd5 $6 Re2) 34... Rac8 35.
Kg1 b5 36. Rdc1 f5 (36... Nc4 37. Nd1) (36... Nf6 37. Nce4 Nxe4 38. Rxc8 Rxc8
39. Rxc8 Nxd2 40. d6 $16) 37. Na2 $1 Rxc2 38. Rxc2 Nf6 39. Nb4 $18 Ng4 40. h3
Nxf2 41. Kxf2 Bd4+ 42. Kf1 Be3 43. g3 g5 (43... Bxd2 44. Rxd2 Nc4 45. Re2) 44.
fxg5 hxg5 45. Nxa6 f4 46. Nc7 Rd8 47. Kg2 Kg6 48. Nf3 Kf5 49. b4 Nc4 50. Nxb5
Ne5 51. d6 fxg3 52. Nxe5 Kxe5 53. Kxg3 Ke4 54. Rc7 Bf4+ 55. Kg4 Rh8 56. Re7+
Kd5 57. d7 1-0

[Event "World Cup"]
[Site "Khanty-Mansiysk"]
[Date "2007.11.28"]
[Round "2.2"]
[White "Bareev, Evgeny"]
[Black "Van Wely, Loek"]
[Result "1/2-1/2"]
[WhiteElo "2653"]
[BlackElo "2679"]
[Annotator "Van Wely,L"]
[PlyCount "164"]
[EventDate "2007.11.24"]
[EventType "k.o."]
[EventRounds "7"]
[EventCountry "RUS"]
[SourceTitle "CBM 122"]
[Source "ChessBase"]
[SourceDate "2008.01.30"]
[SourceVersion "1"]
[SourceVersionDate "2008.01.30"]
[SourceQuality "1"]

{After having survived the first round with big trouble against a Vietnamese
boy, I was paired with Bareev in the second round. Historically he has been an
unpleasant opponent for me, and apart from that a very tricky and clever
opponent. So I was advised not to let Evgeny into my backyard! Although pretty
cautious, I still managed to lose with White. Now trying to win with Black vs
Bareev isnt the easiest task, but fortunately when I was young and extremely
fearless, I was not a bad King's Indian player.} 1. d4 Nf6 2. c4 g6 3. Nc3 Bg7
4. e4 d6 5. Be2 O-O 6. Bg5 Na6 7. Qd2 Qe8 8. Bd1 e5 9. d5 Nh5 10. Bxh5 gxh5 11.
Nf3 $5 {An interesting novelty. Unfortunately my openings' choice didn't come
as a surprise to Evgeny, since he had probably been preparing it vs his first
round opponent Becerra! Nevertheless my choice was limited, and beggars can't
be choosers.} (11. Nge2 f5) 11... f5 12. exf5 Bxf5 13. Nh4 Bd7 14. O-O b5 15.
cxb5 Bxb5 16. Nxb5 $2 {This logical looking move is a big mistake. Black's
white-squared bishop looks strong, but in fact it doesn't have any targets.
With this exchange White's pawn on d5 becomes weak.} ({After} 16. Rfe1 $1 {
White would have nasty possibilities, such as f4, Bh6 or Re3-g3.}) 16... Qxb5
17. Rac1 (17. Bh6 Qb4 $1 18. Qg5 Qg4 $1 $15 {was a small but very relevant
detail that White discovered too late.}) 17... Rf7 18. b3 Nb4 (18... Nc5 $2 19.
Rc4 $1 $16) 19. Rcd1 $6 {I understand that Evgeny was worried about his
kingside, but now he allows Black to take the initiative.} (19. Rfd1 $142)
19... a5 20. a3 Na6 {Since now White's queenside is going to fall soon, he has
to find counterplay on Black's weakened kingside.} 21. Bh6 Bxh6 22. Qxh6 Qxb3
23. Qg5+ Rg7 (23... Kh8 24. Qxh5 Rf6 25. f4 {would solve White's problems
immediately.}) 24. Qxh5 Qh3 $1 {The queen is very annoying here.} 25. g3 Nc5 (
25... Rf8 $2 26. f4 exf4 27. Rd4 $36) 26. Kh1 $2 (26. f4 $142) 26... Rf8 27.
Qe2 Kh8 28. Qe3 Nd7 29. f4 Rfg8 (29... Rg4 30. Ng2 Rf6 31. fxe5 Rh6 32. Qg1
Nxe5 {was an interesting option but too difficult to evaluate.} 33. Nf4 {
For example:} Qxg3 34. Qxg3 Rxg3 35. Ne6 {with counterplay which might be
enough for a draw.}) 30. fxe5 $2 ({After} 30. Rf3 {I intended to play} exf4 31.
Qxf4 Ne5 {but missed} 32. Qf5 $1) 30... Nxe5 $2 (30... Rxg3 31. Qh6 Qg4 $3 $19
{This motif I had seen, but not in this position unfortunately.} ({I only
calculated} 31... Nxe5 32. Rf8 $11)) 31. Nf5 Rf7 32. Qh6 Qg4 $6 (32... Rxg3 $1)
33. Nh4 Qe2 (33... Qe4+ 34. Kg1 Rxf1+ 35. Rxf1 Qd4+ 36. Kh1 Qxd5+ {was not too
bad either.}) 34. Rfe1 Qb2 $6 (34... Qa2 $1 {a2 is a better square because
then White doesn't have the defensive move Qc1 with tempo.}) (34... Qxh2+ 35.
Kxh2 Ng4+ {Here I found this still too little. We were in time-trouble,
especially White was short of time and with many major pieces around his king.
I was looking for much more.}) 35. Qc1 Qb3 36. Re3 Qa2 37. Qa1 (37. Rd2 Qc4 38.
Rd1) 37... Qxa1 38. Rxa1 Rf2 39. Kg1 $6 (39. Rc3) 39... Rxh2 $1 {At least
Black will emerge with a pawn up after the time-trouble.} 40. Rxe5 Rxh4 41. Re3
Rc4 $1 42. Rf1 h6 $1 43. Kg2 Kh7 44. Rf6 Rcg4 45. Rc3 R8g7 46. Rd3 Re7 {
Black is slowly improving his position without allowing White any counterplay.}
47. Kf3 Rc4 48. Rf4 Rc5 49. Kg4 Kg6 50. Rfd4 Re5 51. Kh4 Rh5+ 52. Kg4 Rg5+ 53.
Kh4 Kf6 54. g4 Ke5 {Around here I was quite happy, with White tied down to d5,
a win should have been a matter of time...} 55. Rd1 Rg8 (55... Rg7 56. Kh5 Rc1
57. Rxc1 Kxd4 58. Rg1) 56. R4d2 (56. Kh5 Rc2) 56... Rc4 57. Re2+ Re4 58. Rxe4+
Kxe4 59. Rc1 {His only chance - to start some counterplay.} Rg7 60. Kh5 Rg5+ (
60... Kxd5 {was probably winning, but the race was too difficult for me to
calculate, I prefered something more simple.} 61. Rg1 Rh7 62. Kg6 Rh8 63. Kg7
Rc8 64. Kxh6 c5 65. g5 c4 66. g6 c3 67. g7 c2 68. Kh7 Kc4 $19) 61. Kh4 Rxd5 62.
Rxc7 Re5 63. Rh7 Re6 $2 (63... d5 64. Rxh6 d4 {but that this race was winning
for Black was obvious...bad technique!}) 64. Kh5 Kf4 {Only now did I realise
to my horror that the race which I was planning to go for was actually a draw.}
(64... d5 65. Rxh6 Rxh6+ 66. Kxh6 d4 67. g5 d3 68. g6 d2 69. g7 d1=Q 70. g8=Q
Qh1+ 71. Kg7 Qg2+ 72. Kf8 Qxg8+ 73. Kxg8 Kd4 74. Kf7 Kc3 75. Ke6 Kb3 76. Kd5
Kxa3 77. Kc4 $1 $11) 65. Rf7+ Kg3 $2 (65... Ke5 $1 {a subtlety which was
missed by me of course.} 66. Rf5+ (66. Rh7 d5 67. Rxh6 d4 $1 $19) 66... Ke4 67.
Rf1 Kd4 {and Black should still win.}) 66. g5 hxg5 67. Kxg5 a4 (67... Re3 {
it seems everything is a draw now, I didn't hear my tablebase screaming
somewhere.} 68. a4 Re4 69. Rd7 Rxa4 70. Rxd6) 68. Rd7 Kf3 (68... Re3 69. Rxd6
Rxa3) 69. Kf5 Re5+ 70. Kf6 Ke4 (70... Re3 71. Rxd6 Rxa3) 71. Rxd6 Rf5+ 72. Ke6
Rf3 73. Kd7 Rxa3 74. Kc6 Rd3 75. Re6+ Kd4 76. Kb5 a3 77. Kb4 a2 78. Rd6+ Ke3
79. Ra6 Rd2 80. Kb3 Kd3 81. Rxa2 Rxa2 82. Kxa2 Kc2 $1 $15 1/2-1/2

[Event "EU-chT (Men) 21st"]
[Site "Heraklion"]
[Date "2017.11.06"]
[Round "9.2"]
[White "Rodshtein, Maxim"]
[Black "Kovalev, Vladislav"]
[Result "1-0"]
[WhiteElo "2699"]
[BlackElo "2636"]
[Annotator "Roiz,M"]
[PlyCount "89"]
[EventDate "2017.10.28"]
[EventType "team-swiss"]
[EventRounds "9"]
[EventCountry "GRE"]
[SourceTitle "CBM 182"]
[Source "ChessBase"]
[SourceDate "2018.01.17"]
[SourceVersion "1"]
[SourceVersionDate "2018.01.17"]
[SourceQuality "1"]
[WhiteTeam "Israel"]
[BlackTeam "Belarus"]
[WhiteTeamCountry "ISR"]
[BlackTeamCountry "BLR"]

1. d4 Nf6 2. c4 g6 3. Nc3 Bg7 4. e4 d6 5. Be2 O-O 6. Be3 {GM Rodshtein goes
for a considerably rare setup, but the ideas here are similar to Krasenkow's
pet 6.h3 line.} e5 (6... c5 $5 7. d5 b5 8. cxb5 a6 9. a4 Qa5 10. Bd2 {might
lead to a well-known theoretical position, which mostly arises via the
Averbakh System 6.Bg5.}) 7. d5 Na6 {A usual approach - the knight is heading
for c5.} ({The other common continuation -} 7... a5 {would, most likely,
transpose to the text after} 8. g4 Na6 9. h4 Nc5 10. f3) 8. g4 Nc5 9. f3 a5 10.
h4 h5 11. g5 Nh7 12. Qd2 {The most natural - White is getting ready for q-side
castling, whereas the queen is keeping an eye on the g5-pawn.} ({In the
following high-level game White has employed the artificial} 12. Kd2 {and
failed to claim superiority after} Bd7 13. Nh3 c6 14. Nf2 cxd5 15. exd5 f5 16.
gxf6 Nxf6 17. Bxc5 dxc5 18. Kc2 a4 $132 {Vallejo Pons,F - Radjabov,T Palma de
Mallorca ESP 2017}) 12... f6 {Black can hardly activate his pieces without
making this committal move.} ({After} 12... a4 13. Nh3 Bd7 14. O-O-O Qb8 15.
Kb1 Rc8 16. Nf2 Qa7 17. Nd3 $16 {Picazo Lopez,J - Libiszewski,F La Roda ESP
2013; Black was doomed to a passive defence.}) 13. gxf6 Rxf6 $6 {A loss of
time - the f6-rook is definitely misplaced.} ({A better move is} 13... Bxf6 14.
Bf2 ({It is also worth considering} 14. O-O-O $5 Bxh4 15. Nh3 {with promising
play for a pawn.}) 14... a4 15. O-O-O Bd7 16. Qh6 Be8 $14 {Yankelevich,L -
Rathnakaran,K Douglas ENG 2017}) 14. O-O-O Bd7 $146 ({The previously played} 
14... Qf8 15. Nh3 a4 16. Rdg1 Qf7 17. Nf2 Bd7 18. Kb1 $16 {, Peralta,F -
Forcen Esteban,D Linares ESP 2017, also led Black to a difficult posiiton,
where he was doomed to a passive defence.}) 15. Nh3 Qe7 16. Rdg1 {GM
Rodshtein's moves are natural and strong - he is focussed on the kingside
attack.} Raf8 17. Kb1 Qe8 {Obviously, Black can only sit and wait.} 18. Rg3 b6
19. Rhg1 Kh8 20. Nb5 {Maxim chooses a concrete approach.} ({Another option was
} 20. Bd1 Rg8 21. Nf2 Qe7 22. a3 $16) 20... Qc8 ({Exchanging the light
squared-bishop cannot help Black:} 20... Bxb5 21. cxb5 Rg8 22. b3 Bf8 23. Qc3
$18 {and the subsequent b3-b4 advance would yield White a decisive advantage.})
21. Ng5 {Again,the most aggressive choice.} ({Another decent plan was} 21. Nf2
$5 Be8 22. Bd1 $16 {intending to slowly chase the c5-knight and make further
progress on the queenside.}) 21... Na6 (21... Nxg5 $5 22. Bxg5 Kh7 $1 23. Bxf6
Rxf6 $16) 22. a3 a4 $2 {The decisive mistake - the a4-pawn would fall soon.} ({
He had to play} 22... Nxg5 23. Bxg5 Kh7 24. b4 axb4 25. Bxf6 Rxf6 26. axb4 Bh6
27. Qc3 c5 $1 28. dxc6 Qxc6 $16 {The control of the dark-squares leaves Black
with some hopes, even though there is no adequate compensation for an exchange.
}) 23. Bd1 Nc5 24. Qg2 {The a4-pawn would fall anyway.} Be8 25. Bxc5 bxc5 26.
Ne6 $1 {The most effective.} ({After} 26. Bxa4 Nxg5 27. Rxg5 Rxf3 28. Rxh5+ Kg8
{the winning task would be tougher.}) 26... Rxe6 {Desperation.} (26... Rg8 27.
Nexc7 Bf7 28. Bxa4 $18) 27. dxe6 Bf6 28. Qh3 (28. Bxa4 {was also good enough:}
Bxh4 29. Rh3 Bf6 30. e7 Bxe7 31. Na7 Qe6 32. Bxe8 Rxe8 33. Qxg6 $18) 28... Rg8
29. Bxa4 Qd8 30. Nc3 c6 31. Bxc6 {Not the only, but the most beautiful way to
proceed.} Bxc6 32. Rxg6 Rxg6 33. Rxg6 {The rest is just an agony.} Be8 34. Rg1
Bxh4 35. Nd5 Bg5 36. f4 exf4 (36... Bxf4 37. e7 Qd7 38. Nxf4 exf4 39. Qc3+ $18)
37. Qc3+ Kg8 38. e7 Qa8 39. Qh3 Bg6 40. Qe6+ Kg7 41. Rxg5 Nxg5 42. Qf6+ Kh7 43.
Qxg5 Bxe4+ 44. Ka1 Bg6 45. e8=Q 1-0